000 00430nam a22001697a 4500
005 20160625104408.0
008 160625b xxu||||| |||| 00| 0 eng d
020 _a0-7069-9026-9
041 _aeng
082 _b10132
100 _aKamath, M.V.
_92737
245 _aThe Journalists hand book
260 _aNew Delhi
_bVikas Publishing House (P) Ltd.
_c2004
300 _a307
650 _aMass Communication
_92660
942 _cBK
999 _c3943
_d3942